1327 1742 1064 1764 1766 1042 1317 1674 1492 1480 1975 1205 1906 1958 1408 1423 1073 1158 1269 1444 1789 1233 1372 1858 1780 1109 1365 1996 1141 1988 1717 1285 1575 1929 1365 1880 1860 1259 1021 1096 1455 1555 1520 1091 1503 1212 1489 1010 1942 1909 1311 1461 1903 1402 1838 1725 1705 1112 1831 1887 1282 1554 1597 1836 1502 1846 1533 1984 1026 1359 1885 1155 1365 1814 1472 1530 1801 1525 1648 1937 1104 1964 1087 1072 1334 1978 1516 1809 1402 1076 1323 1628 1691 1522 1513 1490 1239 1254 1402 BCNSPRNW ULIB Ver.6.0+V

เปลี่ยนเป็นภาษาไทย

Change to English
 แสดงรายละเอียดบรรณานุกรม
  กลับหน้าหลัก

Brief Record : Get Marc (ISO 2709) : E-mail record : QR code < ปิดหน้าต่าง
LEADER : 00000nam 2200000uu 4500
001    13399112574
003     ULIB
008    110825s2546||||th 000 0 tha d
020    9749162676
050  4 HQ76^bส772ช 2546
100 0  สุพร เกิดสว่าง
245 10 ชายรักชาย /^cสุพร เกิดสว่าง
250    พิมพ์ครั้งที่ 1
260    กรุงเทพฯ :^bสมาคมอนามัยการเจริญพันธุ์เพื่อพัฒนาคุณภาพชีวิตแห่งประเทศไทย,^c2546
300    180 หน้า ;^c21 ซม.
504    บรรณานุกรม
650  4 กะเทย
650  4 ความผิดปกติทางเพศ
650  4 พฤติกรรมทางเพศ
650  4 รักร่วมเพศ
650  4 รักร่วมเพศชาย
710 2  สมาคมอนามัยการเจริญพันธุ์เพื่อพัฒนาคุณภาพชีวิตแห่งประเทศไทย
945    ^p0^l0^i016034
945    ^p0^l0^i016035
945    ^p0^l0^i016036
995    ทศพร
999 ^a ใช้งานได้ทุกระบบ
รายการนี้ยังไม่มีแท็ก
คุณยังไม่ได้ล็อกอิน คุณสามารถมีกิจกรรมร่วมกับเว็บไซต์ได้ แต่ต้องล็อกอินก่อน ::
  ล็อกอิน

รายการสื่อสารสนเทศ

ลำดับที่ ประเภท เลขเรียก/บาร์โค้ด สถานที่ สถานะ
- ไม่พบข้อมูล -

รายการใกล้เคียง
    ผู้แต่ง [สุพร เกิดสว่าง]

    หัวเรื่อง [กะเทย]
    หัวเรื่อง [ความผิดปกติทางเพศ]
    หัวเรื่อง [พฤติกรรมทางเพศ]
    หัวเรื่อง [รักร่วมเพศ]
    หัวเรื่อง [รักร่วมเพศชาย]

BibComment


ยังไม่เคยถูกคอมเมนท์

คอมเมนท์ทรัพยากรรายการนี้
  คอมเมนท์: ชายรักชาย สุพร เ..


 Copyright 2026. Bcnsprnw @Library